[Event "Thaelmann mem"]
[Site "Ost-Berlin"]
[Date "1989.??.??"]
[Round "?"]
[White "Uhlmann, Wolfgang"]
[Black "Tischbierek, Raj"]
[Result "1/2-1/2"]
[WhiteElo "2515"]
[BlackElo "2475"]

1.c4 c6 2.d4 d5 3.Nc3 Nf6 4.Nf3 dxc4 5.a4 Bf5 6.e3 e6 7.Bxc4 Bb4 8.O-O Nbd7
9.Qb3 a5 10.Na2 Be7 11.Nh4 Be4 12.Nc3 O-O 13.Nxe4 Nxe4 14.Nf3 Ndf6 15.Ne5 Qc7
16.Qc2 h6 17.f3 Nd6 18.Ba2 Nd5 19.Bd2 Ne8 20.Bb1 Nef6 21.f4 Bb4 22.f5 exf5
23.Rxf5 c5 24.Ba2 cxd4 25.Qxc7 Nxc7 26.Bxb4 axb4 27.exd4 Ne6 28.Bxe6 fxe6
29.Rf4 Rfc8 30.Nd3 Rc2  1/2-1/2

[Event "Thaelmann mem"]
[Site "Ost-Berlin"]
[Date "1989.??.??"]
[Round "?"]
[White "Lerner, Konstantin Z"]
[Black "Tischbierek, Raj"]
[Result "1/2-1/2"]
[WhiteElo "2535"]
[BlackElo "2475"]

1.c4 c6 2.d4 d5 3.Nf3 Nf6 4.Nc3 dxc4 5.a4 Bf5 6.Nh4 Bc8 7.e3 e5 8.Bxc4 exd4
9.exd4 Be7 10.O-O O-O 11.Re1 Na6 12.Qb3 Nc7 13.Bg5 Nfd5 14.Bxe7 Nxe7 15.Nf3 Ncd5
16.Bxd5 cxd5 17.Re3 Rb8 18.Rae1 Be6 19.Ne2 Ng6 20.Ne5 Qa5 21.Nc3 Rfd8 22.Nxg6 hxg6
23.Qd1 Rbc8 24.h4 Qb4 25.R1e2 Rc4 26.Rd2 Qb6 27.Rg3 Bf5 28.h5 Qf6 29.hxg6 Bxg6
30.Qg4 Rc6 31.Re2 Bf5 32.Qh5 Re6 33.Ree3 g6 34.Qd1 Rxe3 35.Rxe3 Qb6 36.Qd2 Kg7
37.Re5 Be6 38.Ne2 Qc6 39.Nf4 Re8 40.b3 Bf5 41.Nh5+ gxh5 42.Rxf5 f6 43.Rxh5 Rh8
44.Rf5 Qd6 45.Rf4 Kf7 46.Qc1 b6 47.Qd2 Qc7 48.g4 Kg7 49.Qe3 Rh3 50.Rf3 Rxf3
51.Qxf3 Qd7 52.Qf4 Qe6 53.Kg2 Kg6 54.Kg3 a6 55.Qe3 Qd6+ 56.f4 Qc6 57.f5+ Kf7
58.Kh4 Qc7 59.Kh3 Qc6 60.Qe1 Kf8 61.Qe6 Qc3+ 62.Kh4 Qxd4 63.Kh5 Qe5 64.Qxb6 Qe7
65.g5 fxg5 66.Qh6+ Ke8 67.Qc6+ Kf7 68.Qg6+ Kf8 69.Qxg5 Qh7+ 70.Kg4 Qh1 71.Qf6+ Kg8
72.Qe6+ Kf8 73.Qe3 Kf7 74.Qe6+ Kf8 75.Qd6+ Kf7 76.Qd7+ Kf8 77.Kg5 Qg1+ 78.Kf6 Qd4+
79.Ke6 Qe4+ 80.Kd6 d4 81.Qc8+ Kf7 82.Qc4+  1/2-1/2

[Event "GMA Baleares Open"]
[Site "Palma de Mallorca"]
[Date "1989.??.??"]
[Round "6"]
[White "Ubilava, Elizbar"]
[Black "Barbero, Gerardo F"]
[Result "0-1"]
[WhiteElo "2525"]
[BlackElo "2475"]

1.c4 c6 2.Nf3 d5 3.e3 Nf6 4.b3 g6 5.Bb2 Bg7 6.Nc3 O-O 7.d4 Bg4 8.cxd5 cxd5
9.Be2 Nc6 10.O-O Rc8 11.Rc1 Qd6 12.Na4 Bxf3 13.Bxf3 e5 14.dxe5 Nxe5 15.Bxe5 Qxe5
16.Qd3 Ne4 17.Rfd1 Rxc1 18.Rxc1 f5 19.Rd1 Rd8 20.g3 Qe8 21.Bxe4 fxe4 22.Qe2 Qc6
23.Qd2 d4 24.Qa5 Rd5 25.Qxa7 dxe3 26.Rxd5 exf2+ 27.Kxf2 Qxd5 28.Qb8+ Bf8
29.Qc8 Qd2+ 30.Kf1 Qd1+ 31.Kf2 Qf3+ 32.Kg1 Qd1+ 33.Kf2 Qd4+ 34.Kg2 b5 35.Nc3 Qd2+
36.Kh3 Qh6+ 37.Kg4 Qh5+ 38.Kf4 Qf3+ 39.Ke5 Qxc3+ 40.Qxc3 Bg7+ 41.Kxe4 Bxc3
42.a4 bxa4 43.bxa4 Kf7 44.h4 Be1 45.Kf4 Kf6 46.Kg4 Ba5 47.Kf4 Bc7+ 48.Kf3 h6  0-1

[Event "GMA Baleares Open"]
[Site "Palma de Mallorca"]
[Date "1989.??.??"]
[Round "8"]
[White "Spraggett, Kevin"]
[Black "Hector, Jonny"]
[Result "1-0"]
[WhiteElo "2585"]
[BlackElo "2500"]

1.c4 c6 2.Nf3 d5 3.b3 Nf6 4.g3 dxc4 5.bxc4 e5 6.Nc3 Bd6 7.Bg2 O-O 8.O-O Qe7
9.d3 Nbd7 10.a4 a5 11.Nh4 Bb4 12.Bb2 Nc5 13.Qc2 Na6 14.Kh1 Ng4 15.h3 Nh6
16.e3 f5 17.f4 Nf7 18.e4 exf4 19.Rxf4 Nh6 20.Raf1 Bd6 21.R4f3 f4 22.d4 Be6
23.e5 fxg3 24.Qe4 Rxf3 25.Rxf3 Ba3 26.Bxa3 Qxa3 27.Rxg3 Qc1+ 28.Kh2 Rf8 29.d5 Rf4
30.Qe2 Rxh4 31.dxe6 Qf4 32.Qd1 Ng4+ 33.Kg1 Qf2+ 34.Kh1 h5 35.Rf3 Qb6 36.e7 Nc7
37.Qe1 g5 38.Qf1 Nxe5 39.Rf8+ Kh7 40.Qf5+  1-0

[Event "Paris op-1"]
[Site "Paris"]
[Date "1989.??.??"]
[Round "?"]
[White "Fauvet, P."]
[Black "Bibikoff, M."]
[Result "1-0"]
[WhiteElo "1820"]
[BlackElo "2130"]

1.c4 c6 2.Nf3 Nf6 3.b3 g6 4.Bb2 Bg7 5.g3 O-O 6.Bg2 d6 7.d4 Nbd7 8.O-O Re8
9.Nc3 e5 10.dxe5 dxe5 11.e4 Qc7 12.Qc2 Nc5 13.b4 Ne6 14.Na4 Nd7 15.c5 Ndf8
16.Rfd1 Bd7 17.Rd2 Rad8 18.Rad1 Bc8 19.Bc3 Rxd2 20.Rxd2 Rd8 21.Rxd8 Nxd8
22.Nb2 Bg4 23.Nc4 Nd7 24.Qb2 f6 25.Nfd2 Bf8 26.Bf1 b6 27.cxb6 axb6 28.h3 Be6
29.a4 c5 30.b5 Nb7 31.Qa1 Bh6 32.a5 Bxd2 33.Bxd2 bxa5 34.Nxa5 Nb6 35.Nxb7 Qxb7
36.Qa6 Bc8 37.Ba5 Na4 38.Qxf6  1-0

[Event "Paris AECE"]
[Site "Paris"]
[Date "1989.??.??"]
[Round "6"]
[White "Spiridonov, Nikola"]
[Black "Pergericht, Daniel"]
[Result "0-1"]
[WhiteElo "2390"]
[BlackElo "2355"]

1.c4 c6 2.Nf3 d5 3.d4 Nf6 4.Qc2 dxc4 5.Qxc4 Bf5 6.Nc3 Nbd7 7.g3 e6 8.Bg2 Be7
9.O-O O-O 10.a3 Rc8 11.b4 h6 12.Bd2 Ne4 13.Nxe4 Bxe4 14.Rfd1 Nb6 15.Qb3 Bf6
16.Rac1 Qd5 17.Qxd5 cxd5 18.Be3 Nc4 19.Ne5 Bxe5 20.dxe5 Bxg2 21.Kxg2 b6 22.a4 Nxe5
23.a5 Nc4 24.axb6 axb6 25.Ra1 Rfd8 26.Ra7 e5 27.Rb7 d4 28.Bc1 e4 29.g4 d3
30.exd3 exd3 31.Be3 Nxe3+ 32.fxe3 Rd6 33.Ra7 Rc4 34.Kf3 Rf6+ 35.Kg3 Rc3 36.Rd7 d2
37.R1xd2 Rxe3+ 38.Kg2 Re4 39.R7d4 Rff4 40.Rxe4 Rxe4 41.Kf3 Rxb4 42.Rd8+ Kh7
43.Rd6 f6 44.Kg3 Kg6 45.h4 h5 46.g5 b5 47.gxf6 gxf6 48.Rd5 Rg4+ 49.Kh3 b4
50.Rb5 Rc4 51.Kg3 Rc3+ 52.Kf2 b3 53.Ke2 Rh3 54.Kd2 Rh2+ 55.Kc1 Rxh4 56.Rxb3 Rd4
57.Rb8 Kg5 58.Kc2 h4 59.Kc3 Rd5 60.Kc4 Re5 61.Rg8+ Kf4 62.Rh8 Kg4 63.Kd4 h3
64.Rh6 Rh5 65.Rg6+ Kf5 66.Rg1 h2  0-1

[Event "Podolsk GMA-qual"]
[Site "Podolsk"]
[Date "1989.??.??"]
[Round "?"]
[White "Sturua, Zurab"]
[Black "Sorokin, Maxim"]
[Result "1/2-1/2"]
[WhiteElo "2465"]
[BlackElo "2420"]

1.c4 c6 2.e4 d5 3.exd5 cxd5 4.d4 Nf6 5.Nc3 Nc6 6.Nf3 Bg4 7.cxd5 Nxd5 8.Qb3 Bxf3
9.gxf3 e6 10.Qxb7 Nxd4 11.Bb5+ Nxb5 12.Qc6+ Ke7 13.Qxb5 Qd7 14.Nxd5+ Qxd5
15.Bg5+ f6 16.Qxd5 exd5 17.Be3 Ke6 18.O-O-O Bb4 19.a3 Rac8+ 20.Kb1 Bc5 21.Rhe1 Bxe3
22.Rxe3+ Kd6 23.Rde1 Rc7 24.Re6+ Kd7 25.Re7+ Kd8 26.Rxc7 Kxc7 27.Re7+ Kb6
28.Kc2 Rc8+ 29.Kd3 Rc4 30.Rxg7 Rh4 31.Rf7 Rxh2 32.Rxf6+ Kb5 33.Ke3 a5 34.Rf4 Rh1
35.Rd4 Kc5 36.b4+ axb4 37.axb4+ Kd6 38.f4 Re1+ 39.Kf3 Rc1 40.f5 Ke5 41.Rh4 Rc3+
42.Ke2 Rb3 43.Rxh7  1/2-1/2

[Event "Bohemians-B"]
[Site "Prague"]
[Date "1989.??.??"]
[Round "?"]
[White "Vanka, Miloslav"]
[Black "Streitberg, Petr"]
[Result "1/2-1/2"]
[WhiteElo "2265"]
[BlackElo "2275"]

1.c4 c6 2.Nf3 d5 3.e3 Nf6 4.Nc3 Bg4 5.d4 Nbd7 6.h3 Bxf3 7.Qxf3 e6 8.Bd3 Qc7
9.O-O Be7 10.Re1 O-O 11.e4 dxc4 12.Bxc4 e5 13.d5  1/2-1/2

[Event "Bohemians-B"]
[Site "Prague"]
[Date "1989.??.??"]
[Round "?"]
[White "Dejkalo, Stefan"]
[Black "Laketic, Gojko"]
[Result "0-1"]
[WhiteElo "2410"]
[BlackElo "2385"]

1.c4 c6 2.Nf3 d5 3.e3 Nf6 4.Nc3 g6 5.d4 Bg7 6.Bd3 O-O 7.O-O Bg4 8.h3 Bxf3
9.Qxf3 e6 10.Rd1 Nbd7 11.Qe2 Re8 12.Rb1 a6 13.Bd2 dxc4 14.Bxc4 c5 15.d5 exd5
16.Nxd5 b5 17.Bc3 Ra7 18.Nxf6+ Bxf6 19.Bd5 Qe7 20.a4 Rb8 21.axb5 axb5 22.Bc6 Bxc3
23.bxc3 b4 24.cxb4 cxb4 25.Rd4 Nf6 26.Qd3 Rc7 27.Ba4 Kg7 28.g4 h6 29.Kg2 Rc3
30.Qxc3 bxc3 31.Rxb8 Nd5 32.Bd1 Qc7 33.Re8 Nf6 34.Red8 c2 35.Bxc2 Qxc2 36.Rd2 Qc6+
37.f3 Qc3 38.R8d3 Qc6 39.Rd6 Qe8 40.R6d3 g5 41.Rb3 Qe5 42.Rbd3 h5 43.gxh5 Nxh5
44.Kg1 Qg3+ 45.Rg2 Qxf3 46.Rxg5+ Kh6 47.Rg2 Ng3 48.Rd8 Kh7 49.h4 Ne2+ 50.Kh2 Qf6
51.Rgg8 Qf2+ 52.Kh3 Ng1+ 53.Kg4 Qf3+  0-1

[Event "CSR-ch int"]
[Site "Prague"]
[Date "1989.??.??"]
[Round "3"]
[White "Smejkal, Jan"]
[Black "Haba, Petr"]
[Result "1/2-1/2"]
[WhiteElo "2515"]
[BlackElo "2480"]

1.c4 c6 2.d4 d5 3.Nc3 Nf6 4.e3 g6 5.Nf3 Bg7 6.Bd3 O-O 7.O-O Bg4 8.h3 Bxf3
9.Qxf3 Qd6 10.Rd1 Nbd7 11.Bf1 Rfd8 12.cxd5  1/2-1/2

[Event "Prague Meta"]
[Site "Prague"]
[Date "1989.??.??"]
[Round "7"]
[White "Pithart, Frantisek"]
[Black "Kohout, Vratislav"]
[Result "0-1"]
[WhiteElo "2280"]
[BlackElo "2125"]

1.c4 c6 2.Nf3 d5 3.b3 Bg4 4.Bb2 Nd7 5.d3 Ngf6 6.Nbd2 e6 7.Qc2 Qb6 8.e3 Rd8
9.Be2 Bd6 10.O-O O-O 11.h3 Bh5 12.g4 Bg6 13.Nh4 e5 14.Nxg6 hxg6 15.d4 exd4
16.Bxd4 c5 17.Bxf6 Nxf6 18.cxd5 Nxd5 19.Nc4 Qc7 20.Rfd1 Be7 21.Bf3 Bf6 22.Rac1 Nb4
23.Qe2 b5 24.Na3 a6 25.Nb1 Rxd1+ 26.Rxd1 c4 27.a3 Nd3 28.Qc2 Rc8 29.bxc4 bxc4
30.Be4 Nb2 31.Rd5 c3 32.g5 Be5 33.Kg2 Nc4 34.Bd3 Qe7 35.h4 Qe6 36.e4 Qg4+
37.Kf1 Nd2+ 38.Nxd2 cxd2 39.Qxd2 Bf4 40.Bxa6 Bxd2 41.Bxc8 Qxc8 42.Rxd2 Qc1+
43.Ke2 Qxa3 44.Rd3 Qa6 45.Ke3 Qe6 46.Kf4 f6 47.Rg3 Qe5+ 48.Kf3 f5 49.exf5 gxf5
50.Rh3 Qe4+ 51.Kg3 Qg4+ 52.Kh2 g6  0-1

[Event "CSR-ch int"]
[Site "Prague"]
[Date "1989.??.??"]
[Round "12"]
[White "Stohl, Igor"]
[Black "Meduna, Eduard"]
[Result "1-0"]
[WhiteElo "2455"]
[BlackElo "2485"]

1.c4 c6 2.Nc3 d5 3.d4 Nf6 4.e3 g6 5.Nf3 Bg7 6.Be2 O-O 7.O-O Be6 8.cxd5 cxd5
9.Ne5 Nbd7 10.Nd3 Bf5 11.Qb3 Bxd3 12.Bxd3 Nb6 13.a4 a5 14.Bd2 e6 15.Rfc1 Ne8
16.Nb5 Nc8 17.Rc5 f5 18.Rac1 Rf7 19.Qc2 Ne7 20.Nc7 Nxc7 21.Rxc7 Nc6 22.Rxf7 Kxf7
23.Qb3 Qc7 24.Bb5 Ke8 25.Qc2 Kd7 26.b4 axb4 27.Bxb4 Bf8 28.Bxf8 Rxf8 29.a5 Rc8
30.Qa4 Ra8 31.a6 Qb6 32.g3 Ke7 33.Qa3+ Kf6 34.Bxc6 bxc6 35.Ra1 Kf7 36.a7 g5
37.h3 h5 38.Kg2 g4 39.hxg4 fxg4 40.Qd3 Kg7 41.Qa3 Kf7 42.Ra2 Qc7 43.Qc5 Kg6
44.Ra6 Kf5 45.Rxc6 Qxa7 46.Qd6  1-0

[Event "CSR-ch int"]
[Site "Prague"]
[Date "1989.??.??"]
[Round "14"]
[White "Smejkal, Jan"]
[Black "Meduna, Eduard"]
[Result "1-0"]
[WhiteElo "2515"]
[BlackElo "2485"]

1.c4 c6 2.d4 d5 3.Nc3 Nf6 4.e3 g6 5.Nf3 Bg7 6.Be2 O-O 7.O-O Bg4 8.cxd5 cxd5
9.Qb3 b6 10.h3 Bxf3 11.Bxf3 e6 12.Be2 a6 13.Bd2 Nc6 14.Rfc1 Na5 15.Qb4 Nd7
16.Na4 Nc4 17.Bxc4 dxc4 18.Nc3 Qc7 19.Ne4 Rfc8 20.Qe7 b5 21.b3 Qc6 22.bxc4 Qxe4
23.Qxd7 bxc4 24.Rab1 Rd8 25.Qa4 e5 26.Ba5 Rdc8 27.Rb4 exd4 28.Rbxc4 Rxc4
29.Qxc4 Re8 30.Bb6 dxe3 31.Qxe4 Rxe4 32.Rc8+ Bf8 33.fxe3 Kg7 34.Bd4+ f6 35.Rc6 a5
36.Ra6 Bb4 37.Kf2 Re8 38.Rxf6 Rf8 39.Rxf8+ Kxf8 40.a4 Ke7 41.Kf3 Kd6 42.Ke4  1-0

[Event "Royan op"]
[Site "Royan"]
[Date "1989.??.??"]
[Round "5"]
[White "Vaisman, Volodia"]
[Black "Dzevlan, Miralem"]
[Result "0-1"]
[WhiteElo "2370"]
[BlackElo "2450"]

1.c4 c6 2.e4 e5 3.Nf3 f5 4.d4 fxe4 5.Nxe5 Nf6 6.c5 d5 7.cxd6 Bxd6 8.Nc3 Nbd7
9.Nc4 Be7 10.Qb3 b5 11.Ne5 Nxe5 12.dxe5 Ng4 13.Be2 Qd4 14.Bxg4 Bxg4 15.h3 Bf5
16.Bf4 a5 17.a4 g5 18.Be3 Qb4 19.Qa2 bxa4 20.O-O a3 21.Rab1 axb2 22.Na4 Qb5
23.Rfd1 Rf8 24.Nb6 Rb8 25.Rxb2 Qxe5 26.Rbd2 g4 27.Nc4 Qe6 28.Qc2 Kf7 29.Nd6+ Kg8
30.Nxf5 Rxf5 31.hxg4 Rd5 32.Rxd5 cxd5 33.Qa2 Rd8 34.Qxa5 Rd7 35.g5 Kf7 36.Qc3 Kg6
37.Ra1 Rb7 38.Qh8 Bxg5 39.Bd4 Bf4 40.g3 Bg5 41.Qa8 Qf7 42.Qc8 Qd7 43.Qg8+ Kh5
44.Kg2 Kg4 45.Rh1 Kf5 46.Rh3 h6 47.g4+ Kxg4 48.Be3 Qf7 49.Qc8+ Rd7 50.Qb8 Rc7
51.Bxg5 hxg5 52.Qb2  0-1

[Event "Sagua la Grande"]
[Site "Sagua la Grande"]
[Date "1989.??.??"]
[Round "10"]
[White "Guevara, M."]
[Black "Arencibia, Juan Joel"]
[Result "1/2-1/2"]
[WhiteElo "2310"]
[BlackElo "2405"]

1.c4 c6 2.Nc3 d5 3.d4 Nf6 4.Nf3 g6 5.Bf4 Bg7 6.e3 O-O 7.Rc1 Qa5 8.Qb3 Nbd7
9.Be2 dxc4 10.Qxc4 Nb6 11.Qc5 Qxc5 12.dxc5 Nbd5 13.Nxd5 Nxd5 14.Be5 f6 15.Bg3 e5
16.O-O Rd8 17.Rfd1 Be6 18.a3 Ne7 19.e4 Bh6 20.Rxd8+ Rxd8 21.Rc3 b5 22.cxb6 axb6
23.Kf1 c5 24.Ke1 Kf7 25.Bc4 Bxc4 26.Rxc4 Rd3 27.Rc3 Rxc3 28.bxc3 Nc8 29.Nd2 Nd6
30.f3 Ke6 31.a4 f5 32.exf5+ gxf5 33.Nb3 Nc4 34.Bf2 Kd5 35.Ke2 e4 36.fxe4+ fxe4
37.Bh4 Ne3 38.Bd8 c4 39.Nd4 Kc5 40.Be7+ Kd5 41.Bd8  1/2-1/2

[Event "Santiago"]
[Site "Santiago"]
[Date "1989.??.??"]
[Round "?"]
[White "Morovic Fernandez, Ivan"]
[Black "Milos, Gilberto"]
[Result "0-1"]
[WhiteElo "2540"]
[BlackElo "2510"]

1.c4 c6 2.d4 d5 3.Nc3 Nf6 4.Nf3 dxc4 5.e4 b5 6.e5 Nd5 7.a4 e6 8.Ng5 h6 9.Nge4 b4
10.Nb1 Ba6 11.Nbd2 c3 12.Nc4 Bxc4 13.Bxc4 cxb2 14.Bxb2 Be7 15.O-O O-O 16.Qg4 Nd7
17.Rad1 Qc8 18.Rfe1 f5 19.exf6 N7xf6 20.Nxf6+ Rxf6 21.Re4 Qd7 22.Rde1 Re8
23.g3 Bd8 24.Qd1 Bb6 25.Bf1 Kh8 26.Qc2 Ref8 27.R1e2 Nc3 28.Bxc3 bxc3 29.Qxc3 e5
30.Rd2 Bxd4 31.Rdxd4 exd4 32.Rxd4 Qe7 33.f4 Rb8 34.Qd2 Rff8 35.Rd7 Rfd8 36.Rxe7 Rxd2
37.Be2 Kg8 38.Kf2 Kf8 39.Re5 Re8  0-1

[Event "Santiago"]
[Site "Santiago"]
[Date "1989.??.??"]
[Round "?"]
[White "Morovic Fernandez, Ivan"]
[Black "Milos, Gilberto"]
[Result "1/2-1/2"]
[WhiteElo "2540"]
[BlackElo "2510"]

1.c4 c6 2.e4 d5 3.exd5 cxd5 4.cxd5 Nf6 5.Nc3 g6 6.Bc4 Nbd7 7.d6 exd6 8.d4 Qe7+
9.Nge2 Bg7 10.O-O O-O 11.Bg5 Nb6 12.Nf4 Nxc4 13.Nfd5 Nxd5 14.Bxe7 Nxe7 15.Rc1 Bh6
16.Qe2 Bxc1 17.Rxc1 Be6 18.d5 Nxd5 19.Qxc4 Nxc3 20.Qxc3 Rfc8 21.Qe3 Rxc1+
22.Qxc1 Bxa2 23.Qc7 Bd5 24.h4 h5 25.f3 Re8 26.Qa5 Bc6 27.Qxa7 Re1+ 28.Kf2 Rd1
29.b4 Rd5 30.Qa8+ Kg7 31.Qa1+ Kg8 32.g4 Rd2+ 33.Ke3 Rd5 34.Qf6 Bb5 35.Ke4 Bc6
36.Ke3 Bb5 37.gxh5 Rxh5 38.Qxd6 Bc6 39.f4 Rd5 40.Qf6 Rf5 41.Qd8+ Kg7  1/2-1/2

[Event "Sao Paulo"]
[Site "Sao Paulo"]
[Date "1989.??.??"]
[Round "?"]
[White "Sunye Neto, Jaime"]
[Black "Tempone, Marcelo"]
[Result "1/2-1/2"]
[WhiteElo "2510"]
[BlackElo "2440"]

1.c4 c6 2.d4 d5 3.Nf3 Nf6 4.Nc3 dxc4 5.a4 Bf5 6.Ne5 Na6 7.f3 Nd7 8.Nxc4 e5
9.e4 exd4 10.Ne2 Bb4+ 11.Bd2 Ndc5 12.Bxb4 Nxb4 13.Nxd4 Bxe4 14.fxe4 Qh4+
15.g3 Qxe4+ 16.Qe2 O-O-O 17.Qxe4 Nxe4 18.Rd1 Ng5 19.h4 Rxd4 20.hxg5 Re8+
21.Kf2 Rxd1 22.Bh3+ Rd7 23.Nd6+ Kd8 24.Bxd7 Nd3+ 25.Kf3 Re1 26.Bf5 Rxh1 27.Bxd3 Rd1  1/2-1/2

[Event "POL-ch"]
[Site "Slupsk"]
[Date "1989.??.??"]
[Round "14"]
[White "Hawelko, Marek"]
[Black "Cichocki, Adam"]
[Result "0-1"]
[WhiteElo "2455"]
[BlackElo "2320"]

1.c4 c6 2.e4 e5 3.Nf3 d6 4.d4 Nd7 5.Nc3 Ngf6 6.g3 Be7 7.Bg2 O-O 8.O-O Re8
9.h3 Bf8 10.Be3 a6 11.Qc2 b5 12.c5 dxc5 13.dxe5 Nxe5 14.Nxe5 Rxe5 15.f4 Re8
16.Rad1 Qc7 17.e5 c4 18.Qf2 Nd5 19.Rxd5 cxd5 20.Nxd5 Qb8 21.f5 Bb7 22.e6 f6
23.Bd4 Rd8 24.Nxf6+ gxf6 25.Bxf6 Bxg2 26.Qxg2 Rd3 27.Rf4 h5 28.e7 Qb6+ 29.Kh2 Qxf6
30.Qxa8 Qxe7 31.Rf2 Qe5 32.Rg2 h4 33.Qc6 hxg3+ 34.Kh1  0-1

[Event "Sochi-A"]
[Site "Sochi"]
[Date "1989.??.??"]
[Round "?"]
[White "Lautier, Joel"]
[Black "Ruban, Vadim"]
[Result "1-0"]
[WhiteElo "2465"]
[BlackElo "2515"]

1.c4 c6 2.d4 d5 3.Nc3 e6 4.Nf3 dxc4 5.a4 Bb4 6.e3 b5 7.Bd2 Bb7 8.b3 Nf6 9.axb5 Bxc3
10.Bxc3 cxb5 11.bxc4 bxc4 12.Bxc4 Qc7 13.Bb5+ Bc6 14.Ba5 Qd6 15.Qb3 Bxb5
16.Qxb5+ Qc6 17.Qb4 Qd5 18.Ne5 Qxg2 19.Ke2 Nbd7 20.Rhg1 Qe4 21.Qa4 Rc8 22.Rac1 Rxc1
23.Rxc1 O-O 24.Nxd7 Qg4+ 25.Kf1 Nxd7 26.Qxd7 Qh3+ 27.Ke1 Qxh2 28.Rc8 g6 29.Bb4 Rxc8
30.Qxc8+ Kg7 31.Qf8+ Kf6 32.Be7+ Kf5 33.Qxf7+ Ke4 34.Qxe6+ Kd3 35.Qb3+ Ke4
36.Qc2+ Kd5 37.Qc5+  1-0

[Event "Sochi-B"]
[Site "Sochi"]
[Date "1989.??.??"]
[Round "?"]
[White "Sorokin, Maxim"]
[Black "Filipenko, Alexander V"]
[Result "1/2-1/2"]
[WhiteElo "2420"]
[BlackElo "2380"]

1.c4 c6 2.e4 d5 3.exd5 cxd5 4.d4 Nf6 5.Nc3 Nc6 6.Nf3 Bg4 7.cxd5 Nxd5 8.Qb3 Bxf3
9.gxf3 e6 10.Qxb7 Nxd4 11.Bb5+ Nxb5 12.Qc6+ Ke7 13.Qxb5 Qd7 14.Nxd5+ Qxd5
15.Bg5+ f6 16.Qxd5 exd5 17.Be3 Ke6 18.O-O-O Bb4 19.a3 Rhc8+ 20.Kb1 Bc5 21.Rhe1 Bxe3
22.Rxe3+ Kd6  1/2-1/2

[Event "Sochi-B"]
[Site "Sochi"]
[Date "1989.??.??"]
[Round "?"]
[White "Sherbakov, Ruslan"]
[Black "Sorokin, Maxim"]
[Result "1/2-1/2"]
[WhiteElo "2360"]
[BlackElo "2420"]

1.c4 c6 2.e4 d5 3.exd5 cxd5 4.cxd5 Nf6 5.Nc3 Nxd5 6.Nf3 Nc6 7.d4 Bg4 8.Qb3 Bxf3
9.gxf3 e6 10.Qxb7 Nxd4 11.Bb5+ Nxb5 12.Qc6+ Ke7 13.Qxb5 Qd7 14.Nxd5+ Qxd5
15.Qxd5 exd5 16.O-O Kf6 17.Rd1 Ke6 18.Re1+ Kf5 19.Rd1 Ke6  1/2-1/2

[Event "Sydney"]
[Site "Sydney"]
[Date "1989.??.??"]
[Round "7"]
[White "Johansen, Darryl K"]
[Black "Garbett, Paul Anthony"]
[Result "1/2-1/2"]
[WhiteElo "2420"]
[BlackElo "2230"]

1.c4 c6 2.Nf3 d5 3.Qc2 Nf6 4.g3 Bg4 5.Bg2 e6 6.O-O Nbd7 7.b3 Be7 8.Bb2 O-O
9.d3 a5 10.Nbd2 a4 11.h3 Bh5 12.Rab1 axb3 13.axb3 Bb4 14.Ra1 Qb6 15.Bd4 c5
16.Bxf6 Nxf6 17.g4 Bg6 18.Ne5 Qd6 19.Ndf3 Nd7 20.Nxd7 Qxd7 21.Ne5 Qd6 22.Rxa8 Rxa8
23.Nxg6 hxg6 24.cxd5 exd5 25.e4 dxe4 26.Bxe4 Ra7 27.Qc4 b6 28.Kg2 Qd7 29.Bd5 Kf8
30.Qe4 Qd6 31.Qf3 Bc3 32.Bc4 Qd7 33.Rc1 Bd4 34.Rc2 b5 35.Bd5 Ra6 36.Qe4 f5
37.Qf3 Rd6 38.Bb7 Rb6 39.Ba8 Rf6 40.g5 Re6 41.Ra2 Be5 42.h4 Bb8 43.Bd5 Re1
44.Ra6 Qc7 45.Qg3 Qd8 46.Qf3 Qc7 47.Qg3 Qd8  1/2-1/2

[Event "Tapolca"]
[Site "Tapolca"]
[Date "1989.??.??"]
[Round "?"]
[White "Banas, Jan"]
[Black "Nemeth, Zoltan"]
[Result "1/2-1/2"]
[WhiteElo "2410"]
[BlackElo "2355"]

1.c4 c6 2.e4 e5 3.Nf3 d6 4.Nc3 Bg4 5.Be2 Be7 6.d4 Nd7 7.O-O Ngf6 8.Rb1 a5
9.Be3 O-O 10.Ne1 Bxe2 11.Qxe2 Ne8 12.g3 Bf6 13.Rd1 Qe7 14.f4 exd4 15.Bxd4 Bxd4+
16.Rxd4 Nc5  1/2-1/2

[Event "Tapolca"]
[Site "Tapolca"]
[Date "1989.??.??"]
[Round "?"]
[White "Levasseur, Philippe"]
[Black "Arnold, Ferenc"]
[Result "1/2-1/2"]
[WhiteElo "2240"]
[BlackElo "2335"]

1.c4 c6 2.Nc3 d5 3.e3 Nf6 4.d4 g6 5.Nf3 Bg7 6.Bd3 O-O 7.O-O Bg4 8.h3 Bxf3
9.Qxf3 Qd6 10.b3 Nbd7 11.Bb2 e5 12.cxd5 exd4 13.exd4 Nxd5 14.Nxd5 Qxd5 15.Qxd5 cxd5
16.Rac1 Rfc8 17.Rfe1 Bf6 18.f4 Bh4 19.Re2 Rxc1+ 20.Bxc1 Rc8 21.Bb2 a6 22.g4 h6
23.f5 Nf8 24.Re5 Rd8 25.Re2 Kg7 26.Kg2 Rd7 27.Ba3 Nh7 28.fxg6 fxg6 29.Re6 Bf6
30.Bc5 Ng5 31.Re2 Nf7 32.b4 Nd6 33.b5 axb5 34.Rb2 b6 35.Bxd6 Rxd6 36.Rb4 Rc6
37.Rxb5 Rc3 38.Bb1 Bxd4 39.Rxd5 Bc5 40.Rd7+ Kf6  1/2-1/2

[Event "Tapolca"]
[Site "Tapolca"]
[Date "1989.??.??"]
[Round "?"]
[White "Landenbergue, Claude"]
[Black "Payen, Arnaud"]
[Result "1/2-1/2"]
[WhiteElo "2350"]
[BlackElo "2240"]

1.c4 c6 2.e4 d5 3.exd5 cxd5 4.d4 Nf6 5.Nc3 e6 6.Nf3 Be7 7.cxd5 Nxd5 8.Bd3 Nc6
9.O-O O-O 10.a3 Nf6 11.Re1 b6 12.Bg5 Bb7 13.Bc2 Qc7 14.Qd3 g6 15.h4 Rfd8
16.Qe3 Ng4 17.Qf4 Qxf4 18.Bxf4 Nxd4 19.Nxd4 Rxd4 20.Ne2 Rdd8 21.h5 Bc5 22.Bg3 a5
23.hxg6 hxg6 24.Rad1 Kg7 25.Nc3 Rac8 26.Be4 Bxe4 27.Nxe4 Bd4 28.Rxd4 Rxd4
29.f3 Rxe4 30.Rxe4 Rc1+ 31.Re1 Rxe1+ 32.Bxe1 Ne3 33.Bc3+ f6 34.Bd4 Nd5 35.a4 e5
36.Bf2 Kf7 37.Kf1 Ke6 38.Ke2 Kd6 39.Kd3 Kc6 40.g4 Nf4+ 41.Ke4 Ne6 42.Be3 Nc5+
43.Bxc5 Kxc5 44.g5 fxg5 45.Kxe5 Kb4 46.Kf6 Kxa4 47.Kxg5 Kb3 48.Kxg6 Kxb2
49.f4 a4 50.f5 a3 51.f6 a2 52.f7 a1=Q 53.f8=Q Qg1+ 54.Kh6  1/2-1/2

[Event "URS-ch U26"]
[Site "Tbilisi"]
[Date "1989.??.??"]
[Round "?"]
[White "Akopian, Vladimir"]
[Black "Savchenko, Stanislav"]
[Result "1-0"]
[WhiteElo "2520"]
[BlackElo "2480"]

1.c4 c6 2.d4 d5 3.Nf3 Nf6 4.Nc3 dxc4 5.e3 b5 6.a4 b4 7.Nb1 Ba6 8.Be2 e6 9.O-O Nbd7
10.Nbd2 Be7 11.b3 c5 12.Nxc4 O-O 13.Bb2 Rc8 14.Rc1 Bb7 15.Nfe5 Nxe5 16.dxe5 Nd5
17.f4 Ba6 18.Qe1 Rc7 19.e4 Bxc4 20.Bxc4 Nc3 21.Bxc3 bxc3 22.Rxc3 Rd7 23.f5 Rd2
24.Rcf3 Qd4+ 25.Kh1 exf5 26.exf5 Bh4 27.g3 Be7 28.f6 gxf6 29.e6 Rd8 30.Rf4 Qb2
31.Rh4 Qc2 32.exf7+ Kf8 33.Qe3 Qg6 34.Re1 R2d7 35.Re4  1-0

[Event "Tirnavia-C"]
[Site "Trnava"]
[Date "1989.??.??"]
[Round "2"]
[White "Raicevic, Momcilo"]
[Black "Kupka, Slavoj"]
[Result "0-1"]
[WhiteElo "2390"]
[BlackElo "2360"]

1.c4 c6 2.Nf3 d5 3.g3 Nf6 4.Bg2 Bf5 5.cxd5 cxd5 6.Nc3 Nc6 7.Qb3 Na5 8.Qa4+ Bd7
9.Qd1 e6 10.d4 Rc8 11.O-O Bb4 12.Na4 O-O 13.Nc5 b6 14.Nd3 Be7 15.Bf4 Bb5
16.Nfe5 Ne4 17.a4 Be8 18.f3 Nd6 19.b3 Nf5 20.Nf2 f6 21.Neg4 Nxd4 22.Qxd4 Nxb3
23.Qe3 Nxa1 24.Rxa1 e5 25.Bxe5 fxe5 26.Nxe5 Bc5 27.Qd3 Qd6 28.f4 Bxf2+ 29.Kf1 Bc5
30.Bxd5+ Kh8 31.Kg2 Qf6 32.Rf1 Bd6 33.Nf3 Qc3 34.Qa6 Bc6 35.Be6 Rce8 36.f5 Bc5
37.Rd1 Bxf3+  0-1

[Event "Tirnavia-C"]
[Site "Trnava"]
[Date "1989.??.??"]
[Round "9"]
[White "Raicevic, Momcilo"]
[Black "Kaposztas, Miklos"]
[Result "1/2-1/2"]
[WhiteElo "2390"]
[BlackElo "2265"]

1.c4 c6 2.Nf3 Nf6 3.g3 g6 4.Bg2 Bg7 5.O-O O-O 6.d4 d5 7.Qb3 Qb6 8.Nc3 dxc4
9.Qxc4 Bf5 10.Na4 Qa6 11.Qb3 Nbd7 12.Re1 Be6 13.Qd1 Bd5 14.Nc3 Ne4 15.Qc2 Ndf6
16.Bf4 Rac8 17.Bh3 e6 18.Nd2 Nxd2 19.Bxd2 c5 20.Nxd5 Nxd5 21.dxc5 Qb5 22.e4 Rxc5
23.Qb3 Ne7 24.Qa3 Re8 25.Bb4 Rc7 26.Bf1 Qh5 27.Be2 Qh3 28.Bd6 Rd7 29.Bb5 Nc6
30.Bxc6 bxc6 31.e5 Bf8 32.Rac1 Bxd6 33.exd6 c5 34.Qxc5 Red8 35.Red1 Qh6 36.Rc3 Qg7
37.h4 h5 38.Rd2 Qf8 39.Rcd3 Rc8 40.Qe5 Rc1+ 41.Rd1 Rc6 42.Kh2 Qb8 43.R1d2 Qb6
44.Kg2 Rc5 45.Qe3 Qc6+ 46.Kh2 a6 47.f3 Rc1 48.Kg2 Qc4 49.b3 Qc6 50.Qe4 Qb6
51.Qd4 Rxd6 52.Qxb6 Rxb6 53.f4 Rbc6 54.Kf2 Kg7 55.Ke2 Kf6 56.Rd7 Rc7 57.R7d6 R7c6
58.Rd7 Rc7 59.R7d6  1/2-1/2

[Event "Val Maubuee op"]
[Site "Val Maubuee"]
[Date "1989.??.??"]
[Round "?"]
[White "Scilien, J."]
[Black "Dimitriadi, Aspasia"]
[Result "1-0"]
[WhiteElo "1800"]
[BlackElo "1680"]

1.c4 c6 2.Nf3 d5 3.g3 Nf6 4.Bg2 Bg4 5.O-O Nbd7 6.b3 e6 7.Bb2 Bd6 8.d3 Qe7
9.Nbd2 O-O 10.h3 Bh5 11.Rc1 Rfc8 12.Rc2 Ba3 13.Qc1 Bxb2 14.Qxb2 b5 15.g4 Bg6
16.Nh4 a5 17.Nxg6 hxg6 18.cxb5 cxb5 19.Rfc1 Qf8 20.d4 Nb6 21.Rc5 b4 22.Qc2 Nfd7
23.Rc7 Rxc7 24.Qxc7 Rc8 25.Qg3 Rxc1+ 26.Kh2 Qc8 27.f4 Qc2 28.Nf3 Qxe2 29.Qh4 Nf6
30.f5 Rc2 31.Ne1 Qf2 32.Qg5 Qxe1 33.fxe6 fxe6 34.Qf4 Qe2 35.Qb8+ Kh7 36.Qg3 Qf2  1-0

[Event "Werfen op"]
[Site "Werfen"]
[Date "1989.??.??"]
[Round "8"]
[White "Hanel, Reinhard"]
[Black "Nikolic, Sinisa"]
[Result "1/2-1/2"]
[WhiteElo "2375"]
[BlackElo "2270"]

1.c4 c6 2.d4 d5 3.Nc3 Nf6 4.Nf3 e6 5.cxd5 exd5 6.Bf4 Be7 7.Qc2 O-O 8.e3 Nbd7
9.Bd3 Re8 10.O-O Nf8 11.Rab1 a5 12.a3 Ne6 13.Be5 g6 14.b4 axb4 15.axb4 Ng4
16.Bg3 Bd6 17.Na4 Bxg3 18.hxg3 Ng5 19.Nc5 Qf6 20.Nh4 Qe7 21.b5 Ne4 22.bxc6 bxc6
23.Rbe1 Ra3 24.Qb2 Ra8 25.Bxe4 dxe4 26.f3 exf3 27.Rxf3 Be6 28.e4 Ra2 29.Qc1 Qd6
30.Nxe6 Rxe6 31.Qc4 Rd2 32.Rd3 Ne5 33.Qxe6 Rxg2+ 34.Kxg2 fxe6 35.Rdd1 Ng4
36.Nf3 Qb4 37.Rb1 Qa3 38.Rb8+ Kg7 39.Rb7+ Kg8 40.Rb8+ Kg7 41.Rb7+ Kg8  1/2-1/2